Mercadotecnia (Registro nro. 1496)

Detalles MARC
000 -LEADER
fixed length control field 02610 a2200253 4500
001 - CONTROL NUMBER
control field 26771
005 - DATE AND TIME OF LATEST TRANSACTION
control field 20260407155545.0
008 - FIXED-LENGTH DATA ELEMENTS--GENERAL INFORMATION
fixed length control field 260407a1996 arg spa d
003 - CONTROL NUMBER IDENTIFIER
control field AR-UNSa-BCEJYS
040 ## - CATALOGING SOURCE
Original cataloging agency AR-UNSa-BCEJYS
Language of cataloging spa
Transcribing agency AR-UNSa-BCEJYS
080 ## - UNIVERSAL DECIMAL CLASSIFICATION NUMBER
Universal Decimal Classification number 658.8
Common auxiliary subdivision Organización de mercados. Marketing. Ventas. Distribución
020 ## - INTERNATIONAL STANDARD BOOK NUMBER
International Standard Book Number 968-880-590-4
100 1# - MAIN ENTRY--PERSONAL NAME
Personal name Kotler, Philip
245 10 - TITLE STATEMENT
Title Mercadotecnia
250 ## - EDITION STATEMENT
Edition statement 6a. ed
264 #1 - PRODUCTION, PUBLICATION, DISTRIBUTION, MANUFACTURE, AND COPYRIGHT NOTICE
Place of production, publication, distribution, manufacture México :
Name of producer, publisher, distributor, manufacturer Prentice-Hall Hispanoamericana
Date of production, publication, distribution, manufacture, or copyright notice 1996
300 ## - PHYSICAL DESCRIPTION
Extent xxi, 822 p.
Dimensions 25 cm.
505 ## - FORMATTED CONTENTS NOTE
Formatted contents note Parte I: La mercadotecnia y el proceso de mercadotecnia: 1. La mercadotecnia en un mundo cambiante: satisactor de necesidades humanas - 2. La planeación estratégica y el proceso de mercadotecnia -3. Ambiente de la mercadotecnia - Parte II: Análisis de oportunidades mercadotécnicas: 4. Investigación de mercados y sistemas de información - 5. Mercados de consumo:Influencias en el comportamiento de los consumidores - 6. Mercados de consumo: Los procesos de decisión de los compradores - 7. Los mercados de las empresas y el comportamiento de las empresas compradoras - Parte III: Cómo seleccionar los mercados meta: 8.Como medir y pronosticar la demanda - 9. Segmentación de mercados, mercados meta y el posicionamiento para la ventaja competitiva - Parte IV: Cómo elaborar la mezcla de mercadotecnia: 10. El diseño de productos: productos, marcas, empaques y servicios - 11. El diseño de productos nuevos: estrategias de desarrollo y ciclo de vida - 13. Fijación de precios de los productos: consideraciones y enfoques - 14. Colocación de productos: canales de distribución y distribución fisica - 15. Colocación de productos: comercio detallista y minorista - 16. Promoción de productos: la estrategias de comunicación y promoción - 17. La promoción de productos: publicidad, promoción de ventas y relaciones públicas - 18. La promoción de productos: venta personales y administración de ventas - Parte V: Administración de las actividades mercadotécnicas: 19.Cómo satisfacer a los clientes con calidad, valor y servicio - 20. Cómo lograr una ventaja competitiva: ventas personales y administración de ventas - Parte VI: La mercadotecnia ampliada: 21. El mercado mundial - 22. Servicios, organizaciones, personas, lugares e ideas de la mercadotecnia - 23. Mercadotecnia y sociedad: responsabilidad social y ética en la mercadotecnia - Apéndice.
590 ## - LOCAL NOTE (RLIN)
Local note niveau_biblio:m niveau_hierar:0
700 1# - ADDED ENTRY--PERSONAL NAME
Personal name Mascaró Sacristán, Pilar
700 1# - ADDED ENTRY--PERSONAL NAME
Personal name Armstrong, Gary
700 1# - ADDED ENTRY--PERSONAL NAME
Personal name Benassini Félix, Marcela
942 ## - ADDED ENTRY ELEMENTS (KOHA)
Koha item type
Existencias
Withdrawn status Lost status Damaged status Not for loan Home library Current library Shelving location Date acquired Total checkouts Full call number Barcode Date last seen Price effective from Koha item type
        Biblioteca Prof. Eusebio Cleto del Rey Biblioteca Prof. Eusebio Cleto del Rey   07/04/2026   658.8 K87m 6ed. L70432 07/04/2026 07/04/2026 Libro
        Biblioteca Prof. Eusebio Cleto del Rey Biblioteca Prof. Eusebio Cleto del Rey   07/04/2026   658.8 K87m 6ed. L70433 07/04/2026 07/04/2026 Libro